Political Geography World-Economy, Nation-State and Locality

Salvato in:
Dettagli Bibliografici
Autore principale: Flint, Colin
Altri autori: Taylor, Peter J.
Natura: Libro
Lingua:inglese
Pubblicazione: Abingdon Routledge/Taylor & Francis Group 2018
Edizione:7th Edition
Soggetti:
Tags: Aggiungi Tag
Nessun Tag, puoi essere il primo ad aggiungerne!!

MARC

LEADER 00000nam a2200000 4500
001 0302749
005 20240805130308.6
020 |a 978-1-138-05826-2 
020 |a 978-1-138-05812-5 
041 0 |a eng 
044 |a GB 
245 1 0 |a Political Geography  |b World-Economy, Nation-State and Locality  |c Colin Flint and Peter J. Taylor 
250 |a 7th Edition 
264 1 |a Abingdon  |b Routledge/Taylor & Francis Group  |c 2018 
300 |a 376 s. 
610 2 0 |a geografia hospodárska 
610 2 0 |a geopolitika 
610 2 0 |a hospodárstvo svetové 
610 2 0 |a vzťahy politické medzinárodné 
100 1 |a Flint, Colin 
700 1 |a Taylor, Peter J.